Countries With Striped Flags - Statistics

General Stats
  • This quiz has been taken 19 times
  • The average score is 20 of 38
Answer Stats
Country % Correct
France
100%
Germany
88%
Ukraine
88%
Belgium
82%
Russia
82%
Italy
76%
Netherlands
76%
Poland
76%
Hungary
71%
Luxembourg
71%
Bulgaria
65%
Estonia
65%
Latvia
65%
Armenia
59%
Austria
59%
Colombia
59%
Lithuania
59%
Monaco
59%
Romania
59%
Chad
53%
Indonesia
53%
Ireland
53%
Mauritius
53%
Peru
53%
Nigeria
47%
Côte d'Ivoire
41%
Mali
41%
Benin
35%
Botswana
35%
Guinea
29%
Sierra Leone
29%
Thailand
29%
Yemen
29%
Costa Rica
24%
Gambia
24%
United Arab Emirates
24%
Gabon
18%
Madagascar
18%
No matching quizzes found
Score Distribution
Percent of People with Each Score
Percentile by Number Answered
Your Score History
You have not taken this quiz